00665nam a2200241Ia 4500008004100000020001800041050001600059050001400075100002700089245003100116245002700147260001300174260002600187260000900213300001600222300002000238300001100258500005100269650002800320650003100348650002200379650002200401160404s9999 xx 000 0 und d a971-23-4208-5 aFIL HF 5721 b.E35 2005 aEgipto, Joel Joseph L. aWtiting business letters / cJoel Joseph L. Egipto. aManila : bRex Book Store, Inc., c2005 a286 pages : billustrations ; c22 cm. aIncludes bibliographical references and index. aBusiness communication. aCommercial correspondence. xBusiness writing. xBusiness writing.